| 000 | 00652nam a2200241Ia 4500 | ||
|---|---|---|---|
| 003 | OSt | ||
| 005 | 20221006160413.0 | ||
| 006 | a|||||r|||| 00| 0 | ||
| 007 | ta | ||
| 008 | 221006b |||||||| |||| 00| 0 eng d | ||
| 024 | _a45,149 | ||
| 037 | _cSeries Articles | ||
| 040 |
_aEASL _cEASL _beng |
||
| 041 |
_2eng _aeng |
||
| 100 | _aDickson Bruce j | ||
| 245 | 0 | _aWho wants to be a communist?Carrer incentives and mobilized loyalty in China | |
| 260 |
_aUK _bCambridge Univesity Press UK _c2014 |
||
| 300 |
_a42-69 _ccm. |
||
| 490 | _v217 | ||
| 650 | _aChina | ||
| 942 |
_cREF _2CC |
||
| 999 |
_c1113241 _d1113241 |
||